000 00710nam a2200265Ia 4500
005 20260121165603.0
008 008 260114s9999 xx 000 0 eng d
020 _a9783662499276
037 _aEBOOK
040 _aCRL
040 _beng
040 _cCRL
041 _2eng
041 _aeng
084 _qCRL
100 _aJinsong Zhang
_91053562
245 0 _aTransport Studies of the Electrical, Magnetic and Thermoelectric properties of Topological Insulator Thin Films
260 _bSpringer
260 _bSpringer
260 _c2016
856 _uhttps://link.springer.com/openurl?genre=book&isbn=978-3-662-49927-6
942 _cEBOOK
999 _c1619288
_d1619288